1161 1387 1691 1624 1867 1682 1481 1249 1704 1511 1779 1835 1724 1821 1469 1702 1565 1381 1620 1083 1819 1140 1725 1835 1965 1241 1095 1849 1509 1387 1410 1609 1178 1230 1996 1286 1078 1112 1815 1232 1293 1522 1550 1208 1040 1036 1685 1425 1636 1663 1970 1445 1374 1852 1505 1969 1559 1187 1862 1167 1992 1352 1850 1540 1433 1117 1151 1451 1119 1714 1387 1422 1173 1054 1006 1938 1425 1675 1066 1761 1418 1903 1439 1094 1657 1183 1491 1990 1215 1700 1264 1220 1927 1964 1110 1493 1602 1097 1749 BCNSPRNW ULIB Ver.6.0+V

เปลี่ยนเป็นภาษาไทย

Change to English
 แสดงรายละเอียดบรรณานุกรม
  กลับหน้าหลัก

Brief Record : Get Marc (ISO 2709) : E-mail record : QR code < ปิดหน้าต่าง
LEADER : 00000nam 2200000uu 4500
001    13399125703
003     ULIB
008    170716s2558||||th 000 0 tha d
020    ^a9786161807962
060  4 ^aWE225^bถ332ร
100 0  ^aถาวร สุทธิยุทธ์
245 10 ^aเรียนรู้สู้กระดูกเสื่อม /^cถาวร สุทธิยุทธ์
250    ^aพิมพ์ครั้งที่ 6 (แก้ไขเพิ่มเติม)
260    ^aกรุงเทพฯ :^bอัมรินทร์สุขภาพ,^c2558
300    ^a220 หน้า :^bภาพประกอบ
490 0  ^aชุดชีวิตและสุขภาพ ;^vลำดับที่ 112
650  7 ^aกระดูก^xโรค^xการรักษา
650  7 ^aข้อเสื่อม^xการรักษา
650  7 ^aข้อเสื่อม^xการป้องกันและควบคุม
650  7 ^aการดูแลสุขภาพด้วยตนเอง
700 0  ^aใจรัตน์ สมบัติพิบูลย์.^eบรรณาธิการ
945    ^p179^l0^i25274
999    ^aกัณชพร จุลอักษร
รายการนี้ยังไม่มีแท็ก
คุณยังไม่ได้ล็อกอิน คุณสามารถมีกิจกรรมร่วมกับเว็บไซต์ได้ แต่ต้องล็อกอินก่อน ::
  ล็อกอิน

รายการสื่อสารสนเทศ

ลำดับที่ ประเภท เลขเรียก/บาร์โค้ด สถานที่ สถานะ
1. วิทยาศาสตร์การแพทย์ และสุขภาพ
วิทยาศาสตร์การแพทย์ และสุขภาพ
สถานะ=หนังสือเก่า
WE225 ถ332ร ฉ.1 
  Barcode: 25274
ห้องสมุดวิทยาเขตนครสวรรค์
►ส่วนจัดเก็บหนังสือเก่า นว.
บนชั้น
  ขอยืม

รายการใกล้เคียง
    ผู้แต่ง [ถาวร สุทธิยุทธ์]

    หัวเรื่อง [การดูแลสุขภาพด้วยตนเอง]

BibComment


ยังไม่เคยถูกคอมเมนท์

คอมเมนท์ทรัพยากรรายการนี้
  คอมเมนท์: เรียนรู้สู้กระดู..


 Copyright 2026. Bcnsprnw @Library